000 00378nam a2200157Ia 4500
005 20250411023753.0
008 240331s9999 xx 000 0 und d
020 _a9552085632
082 _bSUD
_a891
100 _aSuddhahami,A
245 0 _aKuweniya nam wuu yak landa
260 _aColombo
_bGodage & Sons
_c2006
300 _a148 p .,
500 _aStory of Guwni
942 _cL
999 _c5329
_d5329